000 00472nam a2200181Ia 4500
001 4742
005 20260306145817.0
008 260306t2008||||xx |||||||||||||| ||spa||
041 _aESP
082 _a330.015195
_bH44
100 _aHernández Alonso, José
_eAUT
245 0 _aAnálisis de series temporales económicas I:
_bmodelos estructurales
260 _c2008
300 _a113 páginas :
_c24 cm.
650 _aGEN
654 _aCAN
942 _cLIB
_dJUS
_fJUS
_2ddc
_n
999 _c4742
_d4742